Mis Kīlar / (Record no. 66052)
[ view plain ]
| 000 -LEADER | |
|---|---|
| fixed length control field | 00549cam a2200205 a 4500 |
| 001 - CONTROL NUMBER | |
| control field | sa 65009172 |
| 003 - CONTROL NUMBER IDENTIFIER | |
| control field | DLC |
| 005 - DATE AND TIME OF LATEST TRANSACTION | |
| control field | 20260227112200.0 |
| 008 - FIXED-LENGTH DATA ELEMENTS--GENERAL INFORMATION | |
| fixed length control field | 840105s1964 ii 000 f urdo |
| 010 ## - LIBRARY OF CONGRESS CONTROL NUMBER | |
| LC control number | sa 65009172 |
| 040 ## - CATALOGING SOURCE | |
| Original cataloging agency | DLC |
| Transcribing agency | DLC |
| 050 00 - LIBRARY OF CONGRESS CALL NUMBER | |
| Classification number | PK2200.S36744 |
| Item number | M55 1964 |
| 100 1# - MAIN ENTRY--PERSONAL NAME | |
| Personal name | Śarmā, Narendra, |
| Dates associated with a name | 1936- |
| 245 10 - TITLE STATEMENT | |
| Title | Mis Kīlar / |
| Statement of responsibility, etc. | Narendar Sharmā. |
| 260 ## - PUBLICATION, DISTRIBUTION, ETC. | |
| Place of publication, distribution, etc. | Naī Dillī : |
| Name of publisher, distributor, etc. | Maktabah-yi Āshyānah, |
| Date of publication, distribution, etc. | 1964. |
| 300 ## - PHYSICAL DESCRIPTION | |
| Extent | 152 p. ; |
| Dimensions | 19 cm. |
| 500 ## - GENERAL NOTE | |
| General note | Novel. |
| 546 ## - LANGUAGE NOTE | |
| Language note | In Urdu. |
| 650 #0 - SUBJECT ADDED ENTRY--TOPICAL TERM | |
| Topical term or geographic name entry element | Keeler, Christine |
| Form subdivision | Fiction. |
No items available.